| 000 | 01291cam a22002898a 4500 | ||
|---|---|---|---|
| 090 | _c0 | ||
| 001 | 13000357 | ||
| 005 | 20060829105407.0 | ||
| 008 | 021113s2004 mau b 001 0 eng | ||
| 010 | _a 2002043195 | ||
| 020 | _a0072538422 (alk. paper) | ||
| 040 |
_aDLC _cDLC _dDLC |
||
| 050 | 0 | 0 |
_aHF5415.1265 _b.I565 2004 |
| 082 | 0 | 0 |
_a658.84 _221 _bINT |
| 245 | 1 | 0 |
_aInternet marketing : _bbuilding advantage in the networked economy / _cRafi A. Mohammed ... [et al.] |
| 250 | _a2nd ed. | ||
| 260 |
_aBoston : _bMcGraw-Hill/Irwin MarketspaceU, _cc2004. |
||
| 300 |
_axxxi, 743 p. : _bill. ; _c27 cm. |
||
| 500 | _aIncludes index. | ||
| 650 | 0 | _aInternet marketing. | |
| 700 | 1 | _aMohammed, Rafi. | |
| 856 | 4 | 1 |
_3Table of contents only _uhttp://www.loc.gov/catdir/enhancements/fy0643/2002043195-t.html |
| 856 | 4 | 2 |
_3Publisher description _uhttp://www.loc.gov/catdir/enhancements/fy0665/2002043195-d.html |
| 942 |
_2ddc _cBB |
||
| 999 |
_c10659 _d10659 |
||